[Event "DVM U10 2024"]
[Site "Düsseldorf GER"]
[Date "2024.12.29"]
[Round "7"]
[White "Jozsa, Lev"]
[Black "Braren, Ove Neelis"]
[Result "0-1"]
[Termination "normal"]
[Board "7.1"]
[WhiteElo "1617"]
[BlackElo "1634"]
[WhiteClock "00:01:50"]
[BlackClock "00:05:16"]
[WhiteTeam "SV Empor Berlin"]
[BlackTeam "Königsspringer SC 1984"]
[PlyCount "144"]
[WhiteFideId "34681434"]
[BlackFideId "34663770"]
[EventCountry "GER"]
[EventRounds "7"]
[EventType "team-swiss"]
[EventDate "2024.12.26"]

1. e4 {[%clk 00:55:07]} {[%emt 00:00:03]} e5 {[%clk 00:54:54]} {[%emt
00:00:16]} 2. Nf3 {[%clk 00:55:02]} {[%emt 00:00:09]} Nc6 {[%clk 00:54:54]}
{[%emt 00:00:06]} 3. Nc3 {[%clk 00:54:34]} {[%emt 00:00:33]} Nf6 {[%clk
00:54:34]} {[%emt 00:00:25]} 4. Nxe5 {[%clk 00:53:54]} {[%emt 00:00:44]} Nxe5
{[%clk 00:53:18]} {[%emt 00:01:21]} 5. d4 {[%clk 00:53:43]} {[%emt 00:00:17]}
Ng6 {[%clk 00:48:27]} {[%emt 00:04:56]} 6. e5 {[%clk 00:53:37]} {[%emt
00:00:11]} Ng8 {[%clk 00:47:31]} {[%emt 00:01:01]} 7. Bc4 {[%clk 00:53:25]}
{[%emt 00:00:18]} Bb4 {[%clk 00:42:23]} {[%emt 00:05:12]} 8. Qf3 {[%clk
00:52:31]} {[%emt 00:00:58]} Bxc3+ {[%clk 00:39:22]} {[%emt 00:03:06]} 9. bxc3
{[%clk 00:52:24]} {[%emt 00:00:13]} Qe7 {[%clk 00:35:51]} {[%emt 00:03:35]} 10.
O-O {[%clk 00:39:16]} Nh6 {[%clk 00:26:22]} {[%emt 00:22:49]} 11. Bxh6 {[%clk
00:37:15]} gxh6 {[%clk 00:26:12]} {[%emt 00:02:20]} 12. Qh5 {[%clk 00:36:58]}
Qh4 {[%clk 00:25:07]} {[%emt 00:01:29]} 13. Qf3 {[%clk 00:35:14]} O-O {[%clk
00:25:07]} 14. g3 {[%clk 00:35:14]} Qe7 {[%clk 00:25:07]} 15. Qh5 {[%clk
00:35:14]} Kg7 {[%clk 00:25:07]} 16. f4 {[%clk 00:25:25]} {[%emt 00:21:17]} f5
{[%clk 00:14:21]} 17. exf6+ {[%clk 00:25:25]} Qxf6 {[%clk 00:14:21]} 18. f5
{[%clk 00:25:25]} Ne7 {[%clk 00:14:21]} 19. Rf4 {[%clk 00:25:25]} d5 {[%clk
00:14:21]} 20. Bd3 {[%clk 00:10:07]} {[%emt 00:19:39]} Bd7 {[%clk 00:09:16]}
21. Re1 {[%clk 00:09:18]} {[%emt 00:03:52]} Rae8 {[%clk 00:09:06]} 22. Ref1
{[%clk 00:08:17]} {[%emt 00:01:21]} Kh8 {[%clk 00:08:46]} 23. Rh4 {[%clk
00:07:57]} {[%emt 00:00:51]} Ng8 {[%clk 00:08:38]} 24. c4 {[%emt 00:01:14]} c6
{[%clk 00:08:20]} 25. cxd5 {[%clk 00:06:17]} {[%emt 00:01:12]} cxd5 {[%clk
00:08:23]} 26. Qf3 {[%clk 00:06:07]} {[%emt 00:00:17]} Bc6 {[%clk 00:07:57]}
27. Rf2 {[%clk 00:05:10]} {[%emt 00:01:33]} b5 {[%clk 00:07:28]} 28. Re2 {[%clk
00:04:49]} {[%emt 00:00:59]} Rxe2 {[%clk 00:07:23]} 29. Qxe2 {[%clk 00:04:35]}
{[%emt 00:00:30]} Re8 {[%clk 00:07:17]} 30. Qf1 {[%clk 00:04:25]} {[%emt
00:00:26]} a6 {[%clk 00:07:14]} 31. Qa1 {[%clk 00:04:03]} {[%emt 00:00:34]} Qg5
{[%clk 00:06:11]} 32. Rf4 {[%clk 00:03:14]} {[%emt 00:02:03]} Nf6 {[%clk
00:05:54]} 33. Kg2 {[%clk 00:03:14]} Nh5 {[%clk 00:05:54]} 34. Rf2 {[%clk
00:03:14]} Nf6 {[%clk 00:05:54]} 35. Qc3 {[%clk 00:03:14]} Bd7 {[%clk
00:05:54]} 36. Qc7 {[%clk 00:03:14]} Qg7 {[%clk 00:05:54]} 37. Re2 {[%clk
00:03:14]} Rxe2+ {[%clk 00:05:54]} 38. Bxe2 {[%clk 00:03:14]} Qe7 {[%clk
00:05:54]} 39. Bd3 {[%clk 00:03:14]} Ne4 {[%clk 00:05:54]} 40. Bxe4 {[%clk
00:03:14]} Qxe4+ {[%clk 00:05:54]} 41. Kf1 {[%clk 00:01:43]} {[%emt 00:03:54]}
Qxf5+ {[%clk 00:05:20]} 42. Kg2 {[%clk 00:01:43]} Kg7 {[%clk 00:05:20]} 43. Qd6
{[%clk 00:01:43]} Qxc2+ {[%clk 00:05:20]} 44. Kg1 {[%clk 00:01:50]} {[%emt
00:00:19]} Qb1+ {[%clk 00:05:16]} 45. Kg2 {[%clk 00:01:50]} Qe4+ {[%clk
00:05:16]} 46. Kf1 {[%clk 00:01:50]} Qf5+ {[%clk 00:05:16]} 47. Kg2 {[%clk
00:01:50]} Qe6 {[%clk 00:05:16]} 48. Qc7 {[%clk 00:01:50]} h5 {[%clk 00:05:16]}
49. Qd8 {[%clk 00:01:50]} Qe4+ 50. Kg1 Qxd4+ 51. Kg2 Qe4+ 52. Kg1 Qf5 53. Qe7+
Qf7 54. Qe5+ Qf6 55. Qxd5 Bc6 56. Qd1 h4 57. Qg4+ Kh6 58. gxh4 Qg6 59. h3 Qxg4+
60. hxg4 Bd5 61. a4 a5 62. Kf2 Kg7 63. Ke3 Kf6 64. Kd4 Bc6 65. g5+ Kf5 66. axb5
Bxb5 67. Kc5 a4 68. Kxb5 a3 69. h5 Kxg5 70. Kc4 a2 71. h6 a1=Q 72. Kd5 Qf6 0-1

[Event "DVM U10 2024"]
[Site "Düsseldorf GER"]
[Date "2024.12.29"]
[Round "7"]
[White "Dahnovici, Alexander"]
[Black "Fredrich, Tarje"]
[Result "1/2-1/2"]
[Termination "normal"]
[Board "12.2"]
[WhiteElo "1292"]
[BlackElo "1056"]
[WhiteClock "00:20:33"]
[BlackClock "00:20:30"]
[WhiteTeam "SK Freising"]
[BlackTeam "SchVgg Blankenese 1923"]
[PlyCount "112"]
[EventCountry "GER"]
[EventRounds "7"]
[EventType "team-swiss"]
[EventDate "2024.12.26"]

1. e4 {[%clk 00:55:09]} {[%emt 00:00:02]} e5 {[%clk 00:55:01]} {[%emt
00:00:06]} 2. Nf3 {[%clk 00:55:09]} {[%emt 00:00:08]} Nc6 {[%clk 00:54:54]}
{[%emt 00:00:07]} 3. Bc4 {[%clk 00:55:12]} {[%emt 00:00:06]} Bc5 {[%emt
00:00:08]} 4. c3 {[%emt 00:00:06]} Nf6 {[%clk 00:54:12]} {[%emt 00:00:30]} 5.
d4 {[%clk 00:55:16]} {[%emt 00:00:06]} exd4 {[%emt 00:00:05]} 6. cxd4 {[%emt
00:00:10]} Bb4+ {[%clk 00:53:47]} {[%emt 00:00:10]} 7. Nc3 {[%clk 00:55:15]}
{[%emt 00:00:10]} Nxe4 {[%emt 00:00:07]} 8. O-O {[%emt 00:00:07]} O-O {[%clk
00:53:19]} {[%emt 00:00:12]} 9. Nxe4 {[%clk 00:55:19]} {[%emt 00:00:08]} d5
{[%clk 00:53:07]} {[%emt 00:00:14]} 10. Qd3 {[%clk 00:51:06]} {[%emt 00:04:20]}
Bf5 {[%clk 00:52:08]} {[%emt 00:01:00]} 11. Bg5 {[%clk 00:46:56]} {[%emt
00:04:20]} Qd7 {[%clk 00:50:36]} {[%emt 00:01:32]} 12. Ne5 {[%clk 00:44:25]}
{[%emt 00:02:41]} Nxe5 {[%clk 00:50:01]} {[%emt 00:00:35]} 13. dxe5 {[%clk
00:44:05]} {[%emt 00:00:29]} Bxe4 {[%clk 00:49:43]} {[%emt 00:00:19]} 14. Qe3
{[%clk 00:42:49]} {[%emt 00:01:26]} Qg4 {[%clk 00:49:23]} {[%emt 00:00:20]} 15.
f3 {[%clk 00:40:31]} {[%emt 00:02:28]} Bxf3 {[%emt 00:00:33]} 16. Rxf3 {[%emt
00:00:18]} Qxc4 {[%clk 00:48:15]} {[%emt 00:00:12]} 17. b3 {[%clk 00:37:40]}
{[%emt 00:03:06]} Qc6 {[%clk 00:47:29]} {[%emt 00:00:47]} 18. Rc1 {[%clk
00:37:05]} {[%emt 00:00:43]} Qb5 {[%clk 00:46:02]} {[%emt 00:01:32]} 19. Bh6
{[%clk 00:34:49]} {[%emt 00:02:22]} gxh6 {[%emt 00:00:39]} 20. Qxh6 {[%emt
00:00:42]} Qb6+ {[%clk 00:44:10]} {[%emt 00:00:32]} 21. Qe3 {[%clk 00:34:01]}
{[%emt 00:00:57]} Qxe3+ {[%clk 00:43:58]} {[%emt 00:00:12]} 22. Rxe3 {[%clk
00:34:04]} {[%emt 00:00:08]} Bd2 {[%clk 00:43:35]} {[%emt 00:00:05]} 23. Rg3+
{[%clk 00:33:22]} {[%emt 00:00:28]} Kh8 {[%emt 00:00:48]} 24. Rxc7 {[%emt
00:00:19]} Bf4 {[%emt 00:00:12]} 25. Rd3 {[%emt 00:00:39]} Bxe5 {[%emt
00:00:10]} 26. Rxb7 {[%emt 00:00:05]} Rfd8 {[%clk 00:41:24]} {[%emt 00:00:38]}
27. Rxf7 {[%clk 00:32:46]} {[%emt 00:00:47]} d4 {[%emt 00:00:28]} 28. Rf5
{[%emt 00:00:49]} Bd6 {[%clk 00:38:39]} {[%emt 00:01:02]} 29. Kh1 {[%clk
00:32:46]} {[%emt 00:00:36]} Rac8 {[%emt 00:00:28]} 30. g3 {[%emt 00:01:30]}
Rc1+ {[%clk 00:36:12]} {[%emt 00:00:31]} 31. Kg2 {[%clk 00:32:40]} {[%emt
00:00:15]} Rc2+ {[%emt 00:00:28]} 32. Kh3 {[%emt 00:00:07]} Rxa2 {[%clk
00:35:24]} {[%emt 00:00:08]} 33. Rxd4 {[%clk 00:32:38]} {[%emt 00:00:15]} Rxh2+
{[%clk 00:34:44]} {[%emt 00:00:45]} 34. Kxh2 {[%clk 00:31:25]} {[%emt
00:01:19]} Bxg3+ {[%emt 00:00:09]} 35. Kxg3 {[%emt 00:00:02]} Rxd4 {[%emt
00:00:12]} 36. Rb5 {[%emt 00:00:43]} Rd7 {[%clk 00:31:42]} {[%emt 00:00:30]}
37. Kf4 {[%clk 00:31:07]} {[%emt 00:01:53]} h6 {[%clk 00:30:43]} {[%emt
00:00:22]} 38. Kf5 {[%clk 00:30:54]} {[%emt 00:00:59]} Rg7 {[%clk 00:30:37]}
{[%emt 00:00:13]} 39. Kf6 {[%clk 00:30:37]} {[%emt 00:00:22]} Kh7 {[%clk
00:29:46]} {[%emt 00:00:20]} 40. Rb4 {[%clk 00:29:44]} {[%emt 00:01:33]} a6
{[%clk 00:29:24]} {[%emt 00:00:24]} 41. Rh4 {[%clk 00:27:19]} {[%emt 00:02:33]}
Rg6+ {[%clk 00:28:47]} {[%emt 00:00:38]} 42. Kf5 {[%clk 00:26:35]} {[%emt
00:00:54]} a5 {[%clk 00:28:29]} {[%emt 00:00:14]} 43. Re4 {[%clk 00:24:41]}
{[%emt 00:02:00]} Rg3 {[%clk 00:27:35]} {[%emt 00:00:40]} 44. Re7+ {[%clk
00:23:08]} {[%emt 00:02:05]} Rg7 {[%clk 00:27:09]} {[%emt 00:00:31]} 45. Re3
{[%clk 00:22:29]} {[%emt 00:00:43]} Rf7+ {[%clk 00:26:40]} {[%emt 00:00:27]}
46. Ke6 {[%clk 00:22:06]} {[%emt 00:00:35]} Rf8 {[%clk 00:25:56]} {[%emt
00:00:30]} 47. Rc3 {[%clk 00:21:40]} {[%emt 00:00:50]} Ra8 {[%clk 00:25:40]}
{[%emt 00:00:17]} 48. Kf6 {[%clk 00:21:13]} {[%emt 00:00:36]} a4 {[%clk
00:24:38]} {[%emt 00:00:43]} 49. Rc7+ {[%clk 00:20:44]} {[%emt 00:00:59]} Kg8
{[%emt 00:00:35]} 50. bxa4 {[%emt 00:00:43]} Rxa4 {[%emt 00:00:17]} 51. Rc8+
{[%emt 00:00:46]} Kh7 {[%clk 00:22:03]} {[%emt 00:00:12]} 52. Rc7+ {[%clk
00:20:48]} {[%emt 00:00:09]} Kg8 {[%emt 00:00:10]} 53. Rc8+ {[%emt 00:00:18]}
Kh7 {[%emt 00:00:09]} 54. Rc7+ {[%emt 00:00:15]} Kh8 {[%clk 00:21:03]} {[%emt
00:00:07]} 55. Rc8+ {[%clk 00:20:33]} {[%emt 00:00:24]} Kh7 {[%emt 00:00:07]}
56. Rc7+ {[%emt 00:00:13]} Kg8 {[%clk 00:20:30]} {[%emt 00:00:12]} 1/2-1/2

[Event "DVM U10 2024"]
[Site "Düsseldorf GER"]
[Date "2024.12.29"]
[Round "7"]
[White "Hühn, David"]
[Black "Bryzgalov, Mikhail"]
[Result "1-0"]
[Termination "normal"]
[Board "17.3"]
[WhiteElo "714"]
[BlackElo "886"]
[WhiteClock "00:43:55"]
[BlackClock "00:40:24"]
[WhiteTeam "SG Trier 1877"]
[BlackTeam "USV Halle"]
[PlyCount "51"]
[EventCountry "GER"]
[EventRounds "7"]
[EventType "team-swiss"]
[EventDate "2024.12.26"]

1. d4 {[%clk 00:55:09]} {[%emt 00:00:02]} Nf6 {[%clk 00:55:03]} {[%emt
00:00:07]} 2. Nc3 {[%clk 00:55:07]} {[%emt 00:00:06]} d5 {[%clk 00:54:31]}
{[%emt 00:00:35]} 3. Bf4 {[%clk 00:55:03]} {[%emt 00:00:12]} a6 {[%emt
00:00:43]} 4. e3 {[%emt 00:00:10]} Bf5 {[%clk 00:53:27]} {[%emt 00:00:16]} 5.
f3 {[%clk 00:54:58]} {[%emt 00:00:10]} e6 {[%clk 00:53:00]} {[%emt 00:00:30]}
6. g4 {[%clk 00:54:34]} {[%emt 00:00:31]} Bg6 {[%clk 00:52:48]} {[%emt
00:00:16]} 7. h4 {[%clk 00:54:32]} {[%emt 00:00:07]} h6 {[%clk 00:52:35]}
{[%emt 00:00:19]} 8. Bd3 {[%clk 00:54:29]} {[%emt 00:00:07]} Bxd3 {[%clk
00:52:01]} {[%emt 00:00:38]} 9. Qxd3 {[%clk 00:54:29]} {[%emt 00:00:06]} Bb4
{[%clk 00:51:22]} {[%emt 00:00:44]} 10. Nge2 {[%clk 00:54:25]} {[%emt
00:00:10]} O-O {[%clk 00:50:54]} {[%emt 00:00:33]} 11. O-O-O {[%clk 00:54:19]}
{[%emt 00:00:10]} Nc6 {[%clk 00:50:29]} {[%emt 00:00:30]} 12. a3 {[%clk
00:53:46]} {[%emt 00:00:39]} Ba5 {[%clk 00:50:23]} {[%emt 00:00:08]} 13. g5
{[%clk 00:53:33]} {[%emt 00:00:20]} Kh8 {[%clk 00:49:56]} 14. Rhg1 {[%clk
00:52:33]} {[%emt 00:01:36]} Nd7 {[%emt 00:02:51]} 15. gxh6 {[%clk 00:51:57]}
{[%emt 00:00:18]} gxh6 {[%clk 00:49:52]} {[%emt 00:00:07]} 16. Rg2 {[%clk
00:51:52]} {[%emt 00:00:10]} e5 {[%clk 00:49:08]} {[%emt 00:00:48]} 17. Rdg1
{[%clk 00:51:28]} {[%emt 00:00:29]} Nf6 {[%clk 00:48:04]} {[%emt 00:01:07]} 18.
dxe5 {[%clk 00:50:55]} {[%emt 00:00:40]} Nd7 {[%clk 00:47:52]} {[%emt
00:00:17]} 19. Rg7 {[%clk 00:50:46]} {[%emt 00:00:15]} f5 {[%clk 00:47:15]}
{[%emt 00:00:41]} 20. exf6 {[%clk 00:50:11]} {[%emt 00:00:41]} Nxf6 {[%clk
00:46:53]} {[%emt 00:00:26]} 21. Ng3 {[%clk 00:47:14]} {[%emt 00:03:03]} Kxg7
{[%clk 00:46:03]} {[%emt 00:00:54]} 22. Nh5+ {[%clk 00:47:03]} {[%emt
00:00:16]} Kh8 {[%clk 00:45:46]} {[%emt 00:00:22]} 23. Qg6 {[%clk 00:45:26]}
{[%emt 00:01:42]} Rg8 {[%clk 00:44:53]} {[%emt 00:00:58]} 24. Qxh6+ {[%emt
00:00:39]} Nh7 {[%emt 00:00:04]} 25. Rg7 {[%clk 00:44:18]} {[%emt 00:02:22]}
Rxg7 {[%clk 00:40:24]} {[%emt 00:04:34]} 26. Qxg7# {[%clk 00:43:55]} {[%emt
00:00:27]} 1-0